Tovarnyj slovar

Guardado en:
Detalles Bibliográficos
Formato: Libro
Lenguaje:ruso
Publicado: Moskva Gostorgizdat 1957
Etiquetas: Agregar Etiqueta
Sin Etiquetas, Sea el primero en etiquetar este registro!

MARC

LEADER 00000nam a2200000 4500
001 c123259
005 20250717095545.4
041 0 |a rus 
044 |a RU 
245 1 0 |a Tovarnyj slovar 
264 1 |a Moskva  |b Gostorgizdat  |c 1957 
300 |a 998 s.